Ancha es Castilla; : (Record no. 18270)
[ view plain ]
| 000 -CABECERA | |
|---|---|
| campo de control de longitud fija | 00606cam a2200181 a 4500 |
| 001 - NÚMERO DE CONTROL | |
| campo de control | 000018750 |
| 005 - FECHA Y HORA DE LA ÚLTIMA TRANSACCIÓN | |
| campo de control | 20200929165842.0 |
| 008 - DATOS DE LONGITUD FIJA--INFORMACIÓN GENERAL | |
| campo de control de longitud fija | 770408s1970 ck a 000 0 spa |
| 040 ## - FUENTE DE LA CATALOGACIÓN | |
| Centro catalogador/agencia de origen | DO-SdBNP |
| Lengua de catalogación | spa |
| Centro/agencia transcriptor | BNPHU |
| 082 ## - NÚMERO DE LA CLASIFICACIÓN DECIMAL DEWEY | |
| Número de clasificación | xx |
| Número de documento/Ítem | C112a |
| 100 1# - ENTRADA PRINCIPAL--NOMBRE DE PERSONA | |
| Nombre de persona | Caballero Calderón, Eduardo, |
| Fechas asociadas al nombre | 1910-1993. |
| 9 (RLIN) | 3748 |
| 245 10 - MENCIÓN DE TÍTULO | |
| Título | Ancha es Castilla; : |
| Resto del título | guía espiritual de España / |
| Mención de responsabilidad, etc. | Eduardo Caballero Calderón. |
| 260 ## - PUBLICACIÓN, DISTRIBUCIÓN, ETC. | |
| Lugar de publicación, distribución, etc. | Medellín : |
| Nombre del editor, distribuidor, etc. | Bedout, |
| Fecha de publicación, distribución, etc. | 1970. |
| 300 ## - DESCRIPCIÓN FÍSICA | |
| Extensión | 313 p. ; |
| Dimensiones | 19 cm. |
| 490 1# - MENCIÓN DE SERIE | |
| Mención de serie | Bolosilibros Bedout ; |
| Designación de volumen o secuencia | 62 |
| 651 #4 - PUNTO DE ACCESO ADICIONAL DE MATERIA--NOMBRE GEOGRÁFICO | |
| Nombre geográfico | España |
| Subdivisión general | Descripciones Y Viajes |
| 9 (RLIN) | 3096 |
| 830 #0 - PUNTO DE ACCESO ADICIONAL DE SERIE-TÍTULO UNIFORME | |
| Título uniforme | Bolosilibros Bedout ; |
| Designación de volumen o secuencia | 62 |
| 9 (RLIN) | 40465 |
| Estado de retiro | Estado de pérdida | Restricciones de uso | No para préstamo | Código de colección | Localización permanente | Ubicación/localización actual | Ubicación en estantería | Fecha de adquisición | Número de inventario | Total de préstamos | Signatura topográfica completa | Código de barras | Fecha visto por última vez | Precio válido a partir de | Tipo de ítem Koha | Número de copia |
|---|---|---|---|---|---|---|---|---|---|---|---|---|---|---|---|---|
| Monografías: Libros y Folletos | General | General | En catalogación | 14.05.2010 | LF1 | xx C112a | 18750-10 | 25.06.2020 | 25.06.2020 | Préstamo en sala | ||||||
| Préstamo restrigido | Monografías: Libros y Folletos | General | General | En catalogación | 01.12.2010 | LF1 | xx C112a | 18750-20 | 25.06.2020 | 25.06.2020 | Préstamo en sala | e. 2 |
